00740nam a22002057a 4500999001900000082002100019100001700040245010300057260007600160300001600236502000900252650002100261650001600282650002300298650002700321650002700348700002700375942001200402952012000414 c291966d291966 a632.3bSUP/PH PG aSupriya, K S aPhylloplane yeasts for leaf blight management and plant growth promotion in Amaranthus Tricolor L. aVellayanibDepartment of Plant Pathology, Collage of Agriculturec2025 axiv, 120 p. aMSc. aPlant Pathology aAgriculture aPhylloplane yeasts aLeaf blight management aAmaranthus Tricolor L. aSusha, S Thara (Guide) 2ddccTH 001040718THaKAUCLVbKAUCLVcTHESESd2025-04-07l0o632.3 SUP/PH PGp176384r2025-04-07 00:00:00w2025-04-07yTH